|
|
|
|
| LEADER |
00000njm a2200000 a 4500 |
| 001 |
vtls008878418 |
| 003 |
SK-MaSNL |
| 005 |
20260301080435.0 |
| 007 |
sd fsngnnmmned |
| 008 |
061114s2006 xo zzuug u slo |
| 028 |
1 |
2 |
|a 91 2749-2
|b Opus
|
| 040 |
|
|
|a SNK
|b slo
|c SNK
|e AACR2
|
| 041 |
0 |
|
|a slo
|
| 044 |
|
|
|a xo
|c SK
|
| 072 |
|
7 |
|a 784
|x Vokálna hudba
|2 konspekt
|
| 080 |
|
|
|a 785.12
|2 2001
|
| 080 |
|
|
|a 784.9.085.2
|2 2001
|
| 080 |
|
|
|a (086.76)
|2 2001
|
| 245 |
0 |
0 |
|a To bola Malokarpatská kapela
|h zvukový záznam
|b [výber najznámejších hitov populárnej Malokarpatskej kapely z rokov 1977-1989]
|
| 246 |
3 |
0 |
|a The best of Malokarpatská kapela
|
| 260 |
|
|
|a Bratislava
|b Opus
|c 2006
|
| 300 |
|
|
|a 1 zvuková platňa (60 min.)
|b digital, stereo
|c 12 cm
|
| 505 |
0 |
|
|a Obsahuje 18 piesní
|
| 511 |
0 |
|
|a Účinkuje Malokarpatská kapela, vedie Adam Hudec
|
| 648 |
|
7 |
|a 1977-1989
|2 SNKPH
|9 375328
|
| 650 |
0 |
7 |
|a dychová hudba
|2 SNKPH
|9 3426
|
| 650 |
0 |
7 |
|a polky
|2 SNKPH
|
| 650 |
0 |
7 |
|a valčíky
|2 SNKPH
|9 395703
|
| 655 |
|
7 |
|a kompaktné platne
|2 SNKPH
|9 70690
|
| 700 |
1 |
|
|a Hudec, Adam,
|d 1949-
|4 cnd
|9 100021
|
| 710 |
2 |
|
|a Malokarpatská kapela
|4 prf
|9 33011
|
| 999 |
|
|
|c 653186
|d 655116
|
| 952 |
|
|
|a SNK
|b SNK
|y NEVYP
|7 1
|p 17A0528968
|o snkSCD 2018
|i snk2006/23914
|8 0
|0 0
|1 0
|4 0
|d 2006-11-14
|l 0
|r 2026-02-23 18:27:58
|w 2026-02-23
|